| 000 | 01075cam a22003137a 4500 | ||
|---|---|---|---|
| 003 | CHAP | ||
| 005 | 20220329134841.0 | ||
| 008 | 971013s r 00010 d | ||
| 010 | _a26926 | ||
| 011 | _a27898 | ||
| 035 | _a31999 | ||
| 040 | _cCHAP | ||
| 090 | _aFolleto 5264y | ||
| 100 | 0 | 0 |
_aKearl, Bryant. _962861 |
| 245 | 1 | 4 | _aLos servicios de información agrícola ; un eslabón entre la ciencia y la tierra |
| 260 |
_aTurrialba, Costa Rica : _bInstituto Internacional de Ciencias Agrícolas de la OEA, _c(s.a.) |
||
| 300 | _a12 p. | ||
| 490 | 0 |
_aIICA. Boletín de extensión _v; 3 |
|
| 590 |
_aBATCH-UPD _b10 _c20130110 _lUCH01 _h1253 |
||
| 590 |
_aBATCH-UPD _b10 _c20130410 _lUCH01 _h0814 |
||
| 590 |
_aBATCH-UPD _b10 _c20130914 _lUCH01 _h0108 |
||
| 590 |
_aBATCH-UPD _b10 _c20130914 _lUCH01 _h1947 |
||
| 590 |
_aCONVERSION _b10 _c20130109 _lUCH01 _h1315 |
||
| 650 | 1 | 4 |
_aAgricultura _xServicios de información. _91791 |
| 830 | 0 |
_aIICA. Boletín de extensión _v; 3 _957374 |
|
| 901 | _aBK | ||
| 942 | _cFOLL | ||
| 949 |
_aFolleto 5264y _bBC _cFOLL _d-74086 _eTS1 _i31999 _si |
||
| 999 |
_c26926 _d26926 |
||